| 000 | 00830nam a22001815i 4500 | ||
|---|---|---|---|
| 001 | 164839 | ||
| 003 | ES-MaACL | ||
| 005 | 20230906213022.0 | ||
| 008 | 050810s1879 xx | |||||||| ||fre d | ||
| 040 |
_aCAM _bspa _cCAM |
||
| 100 | 1 |
_aSaussure, Henri de. _9104018 |
|
| 245 | 1 | 4 |
_aLes explorateurs genevois des Alpes _b: tiré du Compte rendu de la XV\pme\s Assemblée générale du Club alpin suisse, à Genevè en Août 1879. |
| 260 |
_a[S.l. : _bs.n., _cs.a.] |
||
| 300 |
_a30 p. ; _c19 cm. |
||
| 594 | _aEn pag. 1 consta " Discours d'ouverture prononcé le 3 Aout a l'Assemblée Générale du Club Alpin Suisse par Henri de Saussure. | ||
| 651 | 4 |
_aAlpes- _xDescubrimientos y exploraciones. _9137028 |
|
| 852 |
_aES-MaACL _jT-912-F-4 _z-- Enc. hol. _z-- Legado de Federico de Botella y de Hornos _z-- Enc. en un vol. facticio |
||
| 999 |
_c164839 _d164839 |
||